Selections from Fariduddin ʻAttarʼs Tadhkaratul-auliya, or, Memoirs of saints, Part-1 & 2 / (Record no. 23746)
[ view plain ]
| 000 -LEADER | |
|---|---|
| fixed length control field | 01320cam a2200385 a 4500 |
| 001 - CONTROL NUMBER | |
| control field | 110504 |
| 003 - CONTROL NUMBER IDENTIFIER | |
| control field | BDDh-ASL |
| 005 - DATE AND TIME OF LATEST TRANSACTION | |
| control field | 20231015030300.0 |
| 008 - FIXED-LENGTH DATA ELEMENTS--GENERAL INFORMATION | |
| fixed length control field | 971128s1961 pk 000 0ceng |
| 010 ## - LIBRARY OF CONGRESS CONTROL NUMBER | |
| LC control number | 96912249 |
| 020 ## - INTERNATIONAL STANDARD BOOK NUMBER | |
| International Standard Book Number | 8171511805 |
| 025 ## - OVERSEAS ACQUISITION NUMBER | |
| Overseas acquisition number | I-E-96-912249; 10 |
| 040 ## - CATALOGING SOURCE | |
| Original cataloging agency | DLC |
| Transcribing agency | DLC |
| Modifying agency | BDDh-ASL |
| 041 1# - LANGUAGE CODE | |
| Language code of text/sound track or separate title | eng |
| Language code of original | per |
| 042 ## - AUTHENTICATION CODE | |
| Authentication code | lcode |
| 050 00 - LIBRARY OF CONGRESS CALL NUMBER | |
| Classification number | BP189.4.A74 |
| Item number | E585 1993 |
| 082 ## - DEWEY DECIMAL CLASSIFICATION NUMBER | |
| Classification number | 922.97 |
| Item number | BAF |
| 100 1# - MAIN ENTRY--PERSONAL NAME | |
| Personal name | ʻAṭṭār, Farīd al-Dīn, |
| Dates associated with a name | -approximately 1230. |
| 240 10 - UNIFORM TITLE | |
| Uniform title | Taz̲kirat al-awliyā. |
| Form subheading | Selections. |
| Language of a work | English |
| 245 10 - TITLE STATEMENT | |
| Title | Selections from Fariduddin ʻAttarʼs Tadhkaratul-auliya, or, Memoirs of saints, Part-1 & 2 / |
| Statement of responsibility, etc. | abridged and translated from original Persian, by Bankey Behari. |
| 246 30 - VARYING FORM OF TITLE | |
| Title proper/short title | Fariduddin ʻAttarʼs Tadhkaratul-auliya |
| 246 30 - VARYING FORM OF TITLE | |
| Title proper/short title | Tadhkaratul-Auliya |
| 246 30 - VARYING FORM OF TITLE | |
| Title proper/short title | Memoirs of saints |
| 246 18 - VARYING FORM OF TITLE | |
| Title proper/short title | Tadhkaratul-aulia |
| 250 ## - EDITION STATEMENT | |
| Edition statement | 1st improved ed. |
| 260 ## - PUBLICATION, DISTRIBUTION, ETC. | |
| Place of publication, distribution, etc. | New Delhi : |
| -- | Lahore: |
| Name of publisher, distributor, etc. | Kitab Bhavan, |
| -- | Sh. Muhammad Ashraf, |
| Date of publication, distribution, etc. | 1993. |
| -- | 1961. |
| 300 ## - PHYSICAL DESCRIPTION | |
| Extent | 202 p. : |
| Dimensions | 21 cm. |
| 520 ## - SUMMARY, ETC. | |
| Summary, etc. | On the lives of Muslim saints. |
| 650 #0 - SUBJECT ADDED ENTRY--TOPICAL TERM | |
| Topical term or geographic name entry element | Muslim saints |
| Form subdivision | Biography. |
| 650 #0 - SUBJECT ADDED ENTRY--TOPICAL TERM | |
| Topical term or geographic name entry element | Sufis |
| Form subdivision | Biography. |
| 700 1# - ADDED ENTRY--PERSONAL NAME | |
| Personal name | Behari, Bankey. |
| 906 ## - LOCAL DATA ELEMENT F, LDF (RLIN) | |
| a | 7 |
| b | ibc |
| c | origode |
| d | 3 |
| e | ncip |
| f | 19 |
| g | y-gencatlg |
| 942 ## - ADDED ENTRY ELEMENTS (KOHA) | |
| Source of classification or shelving scheme | Dewey Decimal Classification |
| Koha item type | Books |
| Withdrawn status | Lost status | Source of classification or shelving scheme | Damaged status | Not for loan | Collection code | Home library | Current library | Shelving location | Date acquired | Source of acquisition | Serial Enumeration / chronology | Total Checkouts | Full call number | Barcode | Date last seen | Copy number | Price effective from | Koha item type | Public note |
|---|---|---|---|---|---|---|---|---|---|---|---|---|---|---|---|---|---|---|---|
| Dewey Decimal Classification | Non-fiction | Asiatic Society Library | Asiatic Society Library | General Stacks | 04/03/2021 | ASB Library Collections | P-1,2 | 922.97 BAF | 108265 | 04/03/2021 | C-1 | 04/03/2021 | Books | RARE |